| 000 | 01039cam a2200253 4500 | ||
|---|---|---|---|
| 001 | WS114148 | ||
| 008 | 010815n 000 0 eng u | ||
| 035 | _a(Sirsi) u114148 | ||
| 110 |
_aLandmark Information Group _94113 |
||
| 245 | _aEnviroSearch | ||
| 520 | _aWeb site offering information concerning the environmental risks associated with buying and selling property. A free service allows you to search by postcode to give an environmental profile of a neighbourhood and a more detailed survey is available for a fee. Includes an outline of the types of hazard which may affect property. | ||
| 650 | _aPOLLUTION | ||
| 650 | _aFLOODING | ||
| 650 | _aCONTAMINATED LAND | ||
| 650 | _aENVIRONMENTAL SEARCHES | ||
| 650 | _aLANDFILL | ||
| 650 | _aRADON | ||
| 650 | _aOVERHEAD TRANSMISSION LINES | ||
| 650 | _aSUBSIDENCE | ||
| 650 | _aHAZARDOUS SUBSTANCES | ||
| 690 | _aENVIRONMENTAL AND LAND CONSULTANCY | ||
| 856 | 4 | 0 |
_uhttps://www.envirosearch.info _zView the website free of charge at www.envirosearch.info... |
| 942 | _n0 | ||
| 999 |
_c119843 _d119843 |
||